Music Quiz

Random Music or Song Quiz

VH1's 100 Songs ('80s) Quiz Stats

 Plays Quiz Updated Jan 5, 2018

Score 0/100 Timer 16:00
29 Plays Today
Rank Artist % Correct
4Michael Jackson
96.9%
21Michael Jackson
96.9%
1Bon Jovi
95.5%
8Madonna
93.2%
7Guns N' Roses
89.2%
26Guns N' Roses
89.2%
9Run-D.M.C.
88.2%
74George Michael
87.4%
11Journey
84.3%
37Aerosmith
84.2%
48Bruce Springsteen
82.3%
45Janet Jackson
80.3%
5Prince
80.3%
75Prince
80.3%
83Prince
80.3%
13U2
78.8%
38U2
78.8%
19Cyndi Lauper
78.1%
23Cyndi Lauper
78.1%
31Queen and David Bowie
77.9%
46The Police
77.7%
10AC/DC
76.8%
3Duran Duran
75.5%
15Van Halen
74.7%
40The B-52's
73.8%
35Phil Collins
73.4%
53Billy Idol
73.1%
28Wham!
71.8%
24A-Ha
70.4%
2Def Leppard
69%
14The Bangles
68.8%
49Beastie Boys
66.6%
50Eurythmics
64.8%
34Poison
64.6%
Rank Artist % Correct
70Joan Jett & The Blackhearts
64.4%
69R.E.M.
63.5%
17Whitesnake
61.7%
42The Clash
60.8%
58Culture Club
60.7%
30Pat Benatar
60.2%
78Blondie
59.2%
59John Mellencamp
59%
94Rolling Stones
58.3%
20Rick Springfield
56.5%
12Whitney Houston
56.2%
18Dexy's Midnight Runners
55.9%
71Rick James
55.3%
63Devo
54.5%
47Twisted Sister
54.2%
56Bonnie Tyler
53.1%
33Soft Cell
51.6%
61Styx
50.9%
96Men at Work
50.5%
73Nena
49%
64Paula Abdul
48.5%
85Robert Palmer
47.4%
54Salt-N-Pepa
46%
98Bobby Brown
45.7%
55A Flock of Seagulls
45.5%
65Foreigner
45.4%
41Mötley Crüe
45%
25Go-Go's
44.2%
16INXS
43.1%
84Lionel Richie
42.1%
99Wang Chung
42.1%
44Bananarama
42.1%
6Hall & Oates
41.2%
36Tommy Tutone
40.3%
Rank Artist % Correct
29Talking Heads
40.2%
62Berlin
39.7%
57Toni Basil
39.3%
67REO Speedwagon
39.2%
91Katrina and The Waves
38.2%
87Falco
37.8%
89The Pretenders
35.9%
51Ratt
35.7%
27Kajagoogoo
33.9%
92New Kids on the Block
33.3%
32Night Ranger
32.8%
22The Cure
32.5%
79Human League
31.9%
76Thomas Dolby
31.1%
68Public Enemy
31%
100Loverboy
29.3%
52Dead or Alive
28.7%
90Tone-Loc
27.6%
60Young M.C.
27.3%
93Gary Numan
26.2%
39Modern English
26%
81Cameo
25.6%
66Depeche Mode
25.4%
86Bow Wow Wow
23%
43ABC
22.2%
97The Romantics
21.7%
95Debbie Gibson
21%
82Squeeze
19.5%
77New Edition
18.2%
72The Fixx
18%
88Rufus and Chaka Khan
14.8%
80Rob Base & DJ E-Z Rock
14%

You're not logged in!

Compare scores with friends on all Sporcle quizzes.
OR
Log In

Sporcle TV

Today on Sporcle TV


Watch our educational content, quiz creation guides, and fun videos on Sporcle TV.

Show Comments

Extras

Top Quizzes Today


Score Distribution

Your Account Isn't Verified!

In order to create a playlist on Sporcle, you need to verify the email address you used during registration. Go to your Sporcle Settings to finish the process.

Report this User

Report this user for behavior that violates our Community Guidelines.

Details: